000 00496nam a2200181Ia 4500
005 20250326124926.0
008 250326s9999 xx 000 0 und d
037 _aTextbook
040 _aFMSL
_beng
_cFMSL
041 _aeng
_2eng
084 _aX:8F K82
_qFMSL
100 _aWalden R E
_9738219
245 0 _aIntroductory accounting
_cWalden R E; Seawell L V
260 _aNY
_bNY, Houghton Mifflin
_c1968
300 _a630p
942 _cTB
_hX:8F K82
999 _c1275793
_d1275793